| 000 | 00363nam a22001457a 4500 | ||
|---|---|---|---|
| 008 | 221031b ||||| |||| 00| 0 eng d | ||
| 020 | _a2740182667056 | ||
| 041 | _aeng | ||
| 080 |
_2THIRTEENTH EDITION _a330.722 |
||
| 082 | _a330.722 | ||
| 100 | _a23.2 | ||
| 101 | _amana | ||
| 245 |
_aFUNDAMENTALS OF FINANCIAL MANAGEMENT _cHOUSTON BRIGHAM |
||
| 942 |
_2udc _cBK |
||
| 999 |
_c58700 _d58700 |
||